000 00554nam a22001937a 4500
999 _c24045
_d24045
003 OSt
005 20210118120250.0
008 170302b xxu||||| |||| 00| 0 eng d
020 _a1582551367
040 _aMMU
_beng
_cMMU
_dMMU
050 _aRC630 .F596 2001
245 _aFluids and electrolytes made incredibly easier /
_cpublished by Judith A. Schilling
250 _a2nd ed.
260 _aPennysylvania :
_bSpringhouse,
_c2001
300 _a349 p.:
_bill.;
500 _aIncludes index.
650 _aBody fluid disorders
942 _2lcc
_cLOAN LOAN